Experiments manual for contemporary electronics Devices, circuits, and systems
The estimated amount of time this product will be on the market is based on a number of factors, including faculty input to instructional design and the prior revision cycle and updates to academic research-which typically results in a revision cycle ranging from every two to four years for this pro...
Đã lưu trong:
| Hovedforfatter: | |
|---|---|
| Format: | Bog |
| Sprog: | Undetermined |
| Udgivet: |
Boston
McGraw-Hill
2014
|
| Fag: | |
| Tags: |
Tilføj Tag
Ingen Tags, Vær først til at tagge denne postø!
|
| Thư viện lưu trữ: | Trung tâm Học liệu Trường Đại học Cần Thơ |
|---|
| LEADER | 01035nam a2200241Ia 4500 | ||
|---|---|---|---|
| 001 | CTU_216503 | ||
| 008 | 210402s9999 xx 000 0 und d | ||
| 020 | |c 69 | ||
| 082 | |a 621.382 | ||
| 082 | |b F873 | ||
| 100 | |a Frenzel, Louis E. | ||
| 245 | 0 | |a Experiments manual for contemporary electronics | |
| 245 | 0 | |b Devices, circuits, and systems | |
| 245 | 0 | |c Louis E. Frenzel | |
| 260 | |a Boston | ||
| 260 | |b McGraw-Hill | ||
| 260 | |c 2014 | ||
| 520 | |a The estimated amount of time this product will be on the market is based on a number of factors, including faculty input to instructional design and the prior revision cycle and updates to academic research-which typically results in a revision cycle ranging from every two to four years for this product. | ||
| 526 | |a TT. Kỹ thuật điện tử 1 | ||
| 526 | |b SP350 | ||
| 650 | |a Electronics engineers,Điện tử,Kỹ thuật điện tử,Electronics | ||
| 904 | |i Qhieu -linh, sương | ||
| 980 | |a Trung tâm Học liệu Trường Đại học Cần Thơ | ||